• 首页
  • 本馆介绍
  • 公告通知
  • 最新文献
  • 馆藏检索
  • 电子资源
  • 读者导购
  • 参考咨询
  • 我的图书馆
  • 登录
  • 详细信息显示
  • 放入我的书架
  • 预约/预借图书
  • 作者相关作品
  • 分类相关作品
  • 丛书相关作品
  • 出版社相关作品

书目信息

  • 表格格式
  • 工作单格式
  • 卡片格式
题名:
1945年以来的艺术运动
    
 
作者: 露西-史密斯 著 ;陆汉臻 , 景晨 , 刘芳元 译
分册:  
出版信息: 杭州   浙江摄影出版社  2016.06
页数: 247页
开本: 21cm
丛书名: 艺术世界丛书
单 册:
中图分类: J110.95
科图分类:
主题词: 艺术史--世界--现代
电子资源:
ISBN: 978-7-5514-1424-1
000 01373oam2 2200337 450
001 0120161957845
005 20170327084154.04
010    @a978-7-5514-1424-1@dCNY79.00
100    @a20160713d2016 em y0chiy50 ea
101 1  @achi@ceng
102    @aCN@b330000
105    @aa z 000yy
106    @ar
200 1  @a1945年以来的艺术运动@91945 nian yi lai de yi shu yun dong@e全新版@f(英)爱德华·露西-史密斯著@g陆汉臻,景晨,刘芳元译
205    @a修订版
210    @a杭州@c浙江摄影出版社@d2016.06
215    @a247页@c图@d21cm
225 2  @a艺术世界丛书
312    @a封面英文题名:Movements in art since 1945
330    @a本书是论述第二次世界大战以来各种艺术及其流派的标杆式著作,全新版经重大修订、扩展和重新设计。新增的八章和前言,图文并茂,涵盖了新的国际艺术潮流和各派艺术家,包括1970年代以来的美国艺术、新表现主义流派、后波普布鲁斯、女性主义和同性恋艺术、录像和摄影新媒介,以及俄罗斯、意大利和中国的新古典主义艺术。
333    @a艺术史研究人员
461  0 @12001 @a艺术世界丛书
510 1  @aMovements in art since 1945@zeng
606 0  @a艺术史@y世界@z现代
690    @aJ110.95@v5
701  0 @c(英)@a露西-史密斯@9lu xi - shi mi si@c(Lucie-Smith, Edward)@4著
702  0 @a陆汉臻@9lu han zhen@4译
702  0 @a景晨@9jing chen@4译
702  0 @a刘芳元@9liu fang yuan@4译
801  0 @aCN@b人天书店@c20160713
905    @b981307-10@dJ110.95@e121=2@f4
    
    1945年以来的艺术运动:全新版/(英)爱德华·露西-史密斯著/陆汉臻,景晨,刘芳元译.-修订版.-杭州:浙江摄影出版社,2016.06
    247页:图;21cm.-(艺术世界丛书)
    使用对象:艺术史研究人员
    
    ISBN 978-7-5514-1424-1:CNY79.00
    本书是论述第二次世界大战以来各种艺术及其流派的标杆式著作,全新版经重大修订、扩展和重新设计。新增的八章和前言,图文并茂,涵盖了新的国际艺术潮流和各派艺术家,包括1970年代以来的美国艺术、新表现主义流派、后波普布鲁斯、女性主义和同性恋艺术、录像和摄影新媒介,以及俄罗斯、意大利和中国的新古典主义艺术。
●
相关链接 在E读中查询图书 在五车中查询图书 在当当中查询图书 在豆瓣中查询图书


正题名:1945年以来的艺术运动     索取号:J110.95/121=2         预约/预借

序号 登录号 条形码 馆藏地/架位号 状态 备注
1 981307   209813077   第一样本阅览室/ [索取号:J110.95/121=2] 在馆    
2 981308   209813086   密集书库-美术系/ [索取号:J110.95/121=2] 在馆    
3 981309   209813095   第一借阅区/ [索取号:J110.95/121=2] 在馆    
4 981310   209813102   第一借阅区/ [索取号:J110.95/121=2] 在馆    
唐山师范学院图书馆 欢迎您!
大连网信软件有限公司© 版权所有